000 01780nam a2200445 i 4500
001 30140
003 KOSZ 005
005 20200727100616.0
008 s1994 pl a f |000 0 pol
040 _cKOSZ 005
_aKOSZ 005
_dKOSZ 005/EG
041 _apol
080 _a502
080 _a633.2
080 _a504.7
080 _a(06)
245 0 0 _aŁęgi w rolnictwie i ochrona środowiska :
_b[Krajowa Konferencja Naukowa, Szczecin, 24-25 czerwca 1993] /
_c[organ. Sekcja Łąkarstwa Komitetu Uprawy Roślin PAN et al.] ; [Kom. red. Józzef Szostkiewicz (red. naczelny).
260 _aWarszawa :
_bKUR PAN,
_c1994.
300 _a210 s. :
_bfot., rys., wykr. ;
_c24 cm.
336 _2rdacontent
_aTekst
_btxt
337 _2rdamedia
_aBez urządzenia pośredniczącego
_bn
338 _2rdacarrier
_aWolumin
_bnc
380 _aKsiążki
380 _aPublikacje naukowe
388 _a1901-2000
388 _a1989-2000
490 1 _aZeszyty Problemowe Postępów Nauk Rolniczych / Polska Akademia Nauk. Wydział Nauk Rolniczych I Leśnych,
_x0084-5477 ;
_vz. 412
504 _aBibliogr. przy ref.
650 7 _aŁąki i pastwiska
650 7 _aŁęgi
650 7 _aGrunty rolne
650 7 _aRzeki
651 7 _aPolska
655 7 _aMateriały konferencyjne
658 _aOchrona środowiska
710 2 _aPolska Akademia Nauk
_bWydział Nauk Rolniczych i Leśnych
710 2 _aKomitet Upraw Roślin PAN
830 0 _aZeszyty Problemowe Postępów Nauk Rolniczych (Polska Akademia Nauk. Wydział Nauk Rolniczych I Leśnych) ;
_vz. 412
856 _uhttp://koha.tu.koszalin.pl/cgi-bin/koha/opac-detail.pl?biblionumber=30140
_yKatalog online BPK
942 _cKS
_2UKD
999 _c30140
_d30140